000 00366nam a2200145Ia 4500
008 191201s2008 xx 000 0 und d
082 _a362.8
_bSAA
100 _aSHARMA, A.M
245 0 _aAspects of Labour Welfare and Social Security
250 _a10th
260 _aN.Delhi
_bHimalaya Publication House
_c2008
300 _a284
650 _aMBA
942 _2ddc
_cBK
999 _c4262
_d4262